Score 0/17 Timer 02:00
6 Plays Today
Clue 4-Letter Word % Correct
Opposite of hardSOFT
95.9%
A location, like sporcle.comSITE
91.6%
An upper room or floorLOFT
91.1%
Black fireplace residueSOOT
90.5%
An elevator, in ExeterLIFT
87.4%
'The ___ Aquatic with Steve Zissou'LIFE
85.4%
Trigonometric functionSINE
85.1%
Two points determine one of theseLINE
84.6%
A thin, small openingSLIT
81.9%
Clue 4-Letter Word % Correct
Where to put the coin in a one-armed banditSLOT
81.7%
Feel sorry for another's sufferingPITY
80.3%
Marriage or baptism, e.g.RITE
79.7%
Pocket breadPITA
79.1%
Actress Hayworth or MorenoRITA
77.9%
With [First Rung], Michael J. Fox/Charlie Sheen sitcom in NYCITY
74.4%
With [Last Rung], Michael J. Fox/Charlie Sheen sitcom in NYSPIN
66.1%
ExpectorateSPIT
65.2%

Today's Daily Dose

Remove Ads.
Support Sporcle.
Get the best of Sporcle when you Go Orange. This ad-free experience offers more features, more stats, and more fun while also helping to support Sporcle. Thank you for becoming a member.

You're not logged in!

Compare scores with friends on all Sporcle quizzes.
OR
Log In

Show Comments

Extras

Top Quizzes Today


Score Distribution

Your Account Isn't Verified!

In order to create a playlist on Sporcle, you need to verify the email address you used during registration. Go to your Sporcle Settings to finish the process.

Report this User

Report this user for behavior that violates our Community Guidelines.

Details: